[Event "Warsaw Superbet Blitz"]
[Site "Warsaw"]
[Date "2024.05.12"]
[Round "14"]
[White "Abdusattorov, Nodirbek"]
[Black "Erigaisi, Arjun Kumar"]
[Result "1/2-1/2"]
[WhiteElo "2766"]
[BlackElo "2762"]
[PlyCount "90"]
[EventDate "2024.05.11"]
[EventType "tourn (blitz)"]
[EventRounds "18"]
[EventCountry "POL"]
[EventCategory "20"]
[SourceTitle "CB20_2024"]
[SourceDate "2024.05.16"]
[SourceVersion "1"]
[SourceVersionDate "2024.05.16"]
[SourceQuality "1"]

1. e4 c5 2. Nf3 e6 3. d4 cxd4 4. Nxd4 Nc6 5. Nc3 Nf6 6. Qd3 d6 7. Be2 Bd7 8. Be3 Be7 9. Ndb5 Nb4 10. Qd2 a6 11. Nd4 Qc7 12. 0-0 0-0 13. a3 Nc6 14. a4 Rac8 15. Rfd1 Na5 16. Nb3 Nxb3 17. cxb3 Bc6 18. Bf3 Rfd8 19. a5 Qb8 20. Bb6 Rd7 21. Qe3 d5 22. e5 Ne8 23. Ne2 Nc7 24. Rac1 h6 25. Bg4 Nb5 26. f4 Bd8 27. f5 Bxb6 28. axb6 d4 29. Nxd4 Rxd4 30. Rxd4 Nxd4 31. Qxd4 Rd8 32. Qf4 exf5 33. Bxf5 Rd5 34. Be4 Rb5 35. Bxc6 bxc6 36. Rxc6 Rxb6 37. Qc4 Rxc6 38. Qxc6 Qxe5 39. Qc3 Qe6 40. b4 Qd7 41. Kf2 Qf5+ 42. Ke3 Qg5+ 43. Kf2 Qf5+ 44. Kg1 Qb1+ 45. Kf2 Qf5+ 1/2-1/2

[Event "Warsaw Superbet Blitz"]
[Site "Warsaw"]
[Date "2024.05.12"]
[Round "17"]
[White "Abdusattorov, Nodirbek"]
[Black "Gukesh, Dommaraju"]
[Result "1/2-1/2"]
[WhiteElo "2766"]
[BlackElo "2764"]
[PlyCount "82"]
[EventDate "2024.05.11"]
[EventType "tourn (blitz)"]
[EventRounds "18"]
[EventCountry "POL"]
[EventCategory "20"]
[SourceTitle "CB20_2024"]
[SourceDate "2024.05.16"]
[SourceVersion "1"]
[SourceVersionDate "2024.05.16"]
[SourceQuality "1"]

1. e4 e5 2. Nf3 Nc6 3. d4 exd4 4. Nxd4 Qf6 5. Be3 Bc5 6. c3 Nge7 7. Bc4 d6 8. 0-0 0-0 9. Nxc6 Nxc6 10. Bxc5 dxc5 11. f4 Be6 12. Bb5 Rad8 13. Qe1 Bd7 14. Qf2 b6 15. Nd2 Rfe8 16. a4 Na5 17. f5 Nc6 18. Rad1 h6 19. Qg3 Ne5 20. Nf3 Bxb5 21. axb5 Rd6 22. Rxd6 Qxd6 23. Ra1 Nc4 24. Qxd6 Nxd6 25. Rxa7 Nxb5 26. Ra4 Nd6 27. Nd2 b5 28. Ra7 Nxe4 29. Nxe4 Rxe4 30. Rxc7 Re1+ 31. Kf2 Rb1 32. Rxc5 Rxb2+ 33. Kf3 b4 34. c4 Rc2 35. Rc8+ Kh7 36. f6 b3 37. fxg7 Kxg7 38. Rb8 Rc3+ 39. Kf2 Rc2+ 40. Kf3 Rc3+ 41. Kf2 Rc2+ 1/2-1/2

[Event "Warsaw Superbet Blitz"]
[Site "Warsaw"]
[Date "2024.05.11"]
[Round "1"]
[White "Keymer, Vincent"]
[Black "Abdusattorov, Nodirbek"]
[Result "1/2-1/2"]
[WhiteElo "2726"]
[BlackElo "2766"]
[PlyCount "176"]
[EventDate "2024.05.11"]
[EventType "tourn (blitz)"]
[EventRounds "18"]
[EventCountry "POL"]
[EventCategory "20"]
[SourceTitle "CB20_2024"]
[SourceDate "2024.05.16"]
[SourceVersion "1"]
[SourceVersionDate "2024.05.16"]
[SourceQuality "1"]

1. Nf3 d5 2. e3 Nf6 3. c4 e6 4. Nc3 b6 5. cxd5 exd5 6. g3 Bb7 7. Bg2 g6 8. 0-0 Bg7 9. d4 0-0 10. b3 Nbd7 11. Bb2 Re8 12. Rc1 a6 13. Re1 Rc8 14. Re2 c6 15. Rec2 Qe7 16. Bh3 Rcd8 17. Bg2 Rc8 18. Ne2 Ne4 19. Nf4 a5 20. Nd3 Rc7 21. Nfe5 Nxe5 22. Nxe5 c5 23. Nd3 Rd8 24. Ba3 Rdc8 25. Bh3 f5 26. Bg2 Bf8 27. Qe1 Qe8 28. dxc5 Qb5 29. Nf4 Qd7 30. Bxe4 fxe4 31. c6 Rxc6 32. Rxc6 Rxc6 33. Bxf8 Kxf8 34. h4 Kf7 35. Qd2 Rxc1+ 36. Qxc1 Qc6 37. Qd2 h6 38. Qd4 g5 39. hxg5 hxg5 40. Ne2 Bc8 41. Qe5 Kg6 42. Nd4 Qd7 43. Qb8 Kh5 44. Qxb6 Kg4 45. Qb5 Qc7 46. Qe2+ Kh3 47. Qf1+ Kg4 48. Kg2 Kh5 49. Qh1+ Kg6 50. Qh8 Qd7 51. Qg8+ Kf6 52. Qh8+ Kg6 53. Kg1 Ba6 54. Qg8+ Kf6 55. Qf8+ Kg6 56. Qa8 Bd3 57. Qc6+ Qxc6 58. Nxc6 Kf6 59. Nxa5 Ke5 60. Nc6+ Kd6 61. Nd4 g4 62. a3 Kc5 63. b4+ Kc4 64. b5 Kc5 65. a4 Kb6 66. Nf5 Bc2 67. Ne7 Bb3 68. Kf1 Kc5 69. a5 Kxb5 70. Ng6 Kxa5 71. Ne5 Bd1 72. Ke1 Bf3 73. Kd2 Kb4 74. Kc2 Kc5 75. Kc3 Bd1 76. Ng6 Bf3 77. Nf4 Bd1 78. Ne6+ Kd6 79. Nd4 Kc5 80. Nf5 Bf3 81. Ng7 Bd1 82. Ne8 Be2 83. Nf6 Bf3 84. Nd7+ Kd6 85. Nb6 Kc5 86. Na4+ Kb5 87. Nb2 Kc5 88. Na4+ Kb5 1/2-1/2

[Event "Warsaw Superbet Rapid"]
[Site "Warsaw"]
[Date "2024.05.10"]
[Round "7"]
[White "Wei, Yi"]
[Black "Abdusattorov, Nodirbek"]
[Result "1-0"]
[WhiteElo "2755"]
[BlackElo "2766"]
[PlyCount "103"]
[EventDate "2024.05.08"]
[EventType "tourn (rapid)"]
[EventRounds "9"]
[EventCountry "POL"]
[EventCategory "20"]
[SourceTitle "CB20_2024"]
[SourceDate "2024.05.16"]
[SourceVersion "1"]
[SourceVersionDate "2024.05.16"]
[SourceQuality "1"]

1. e4 e5 2. Bc4 Nf6 3. d3 Nc6 4. Nc3 Na5 5. Qf3 Nxc4 6. dxc4 d6 7. Nge2 Be7 8. h3 0-0 9. Ng3 c6 10. 0-0 Be6 11. b3 Qd7 12. a4 Rad8 13. Rd1 Qc8 14. Be3 a6 15. a5 Ne8 16. Bb6 Rd7 17. Rd3 g6 18. Nf5 gxf5 19. exf5 Kh8 20. fxe6 fxe6 21. Qe2 Ng7 22. Rad1 Qe8 23. Ne4 d5 24. Nc5 Bxc5 25. Bxc5 Rf5 26. Re3 e4 27. f3 dxc4 28. Rxd7 Qxd7 29. b4 exf3 30. Rxf3 e5 31. Re3 Qd5 32. g4 Rg5 33. Be7 Rg6 34. Rxe5 Qd4+ 35. Kh1 h6 36. Bc5 Qd7 37. Qxc4 Rf6 38. Bd4 Kh7 39. Qd3+ Kg8 40. Qc4+ Kh7 41. Qd3+ Kg8 42. Re4 Rd6 43. Qc4+ Ne6 44. c3 Rd5 45. Kg2 h5 46. Qe2 Nxd4 47. cxd4 Rxd4 48. Rxd4 Qxd4 49. gxh5 Qxb4 50. Qg4+ Qxg4+ 51. hxg4 Kf7 52. g5 1-0

[Event "Chess.com Classic Play In"]
[Site "Chess.com INT"]
[Date "2024.05.08"]
[Round "8"]
[White "Abdusattorov, Nodirbek"]
[Black "Hakobyan, Aram"]
[Result "0-1"]
[WhiteElo "2766"]
[BlackElo "2617"]
[PlyCount "76"]
[EventDate "2024.05.08"]
[EventType "swiss (rapid)"]
[EventRounds "9"]
[EventCountry "USA"]
[SourceTitle "CB20_2024"]
[SourceDate "2024.05.16"]
[SourceVersion "1"]
[SourceVersionDate "2024.05.16"]
[SourceQuality "1"]

1. e4 e5 2. Nf3 Nc6 3. g3 Bc5 4. Bg2 d6 5. 0-0 Nge7 6. c3 Bb6 7. Na3 0-0 8. d4 Bg4 9. Nc4 exd4 10. Nxb6 axb6 11. cxd4 d5 12. e5 Nf5 13. Be3 f6 14. exf6 Qxf6 15. Qb3 Kh8 16. Ne5 Nfxd4 17. Bxd4 Nxd4 18. Qxd5 Nf3+ 19. Bxf3 Bxf3 20. Nxf3 Qxf3 21. Qxf3 Rxf3 22. Rfe1 Kg8 23. a3 Kf8 24. Rad1 Re8 25. Rxe8+ Kxe8 26. Re1+ Kf7 27. Re3 Rxe3 28. fxe3 Ke6 29. Kf2 b5 30. h4 Ke5 31. Kf3 g6 32. h5 Kf5 33. h6 c5 34. e4+ Kg5 35. g4 Kf6 36. Ke3 g5 37. b3 Ke5 38. a4 c4 0-1

[Event "Warsaw Superbet Rapid"]
[Site "Warsaw"]
[Date "2024.05.08"]
[Round "3"]
[White "Praggnanandhaa, Rameshbabu"]
[Black "Abdusattorov, Nodirbek"]
[Result "1-0"]
[WhiteElo "2747"]
[BlackElo "2766"]
[PlyCount "151"]
[EventDate "2024.05.08"]
[EventType "tourn (rapid)"]
[EventRounds "9"]
[EventCountry "POL"]
[EventCategory "20"]
[SourceTitle "CB20_2024"]
[SourceDate "2024.05.16"]
[SourceVersion "1"]
[SourceVersionDate "2024.05.16"]
[SourceQuality "1"]

1. e4 d6 2. d4 Nf6 3. Nc3 e5 4. Nf3 Nbd7 5. Bc4 Be7 6. 0-0 0-0 7. a4 c6 8. Re1 h6 9. h3 Re8 10. Be3 exd4 11. Bxd4 Nf8 12. Qd3 Be6 13. Rad1 a6 14. Bb3 Bxb3 15. cxb3 Ne6 16. Qc2 Bf8 17. e5 Nxd4 18. Rxd4 Qb6 19. a5 Qa7 20. Rf4 dxe5 21. Rxf6 gxf6 22. Ne4 Re6 23. Nh4 f5 24. Nxf5 Rd8 25. Re3 Rd4 26. Qe2 Rxe4 27. Rxe4 Qc5 28. b4 Qd5 29. h4 Kh7 30. h5 Be7 31. Qf3 Bg5 32. Ne3 Qd7 33. Qf5+ Kg7 34. Rxe5 Bxe3 35. Rxe3 Qd1+ 36. Kh2 Rxe3 37. fxe3 Qe2 38. Qe5+ Kh7 39. Kh3 Kg8 40. Qg3+ Kf8 41. Qd6+ Kg7 42. Qd4+ Kh7 43. Qe4+ Kh8 44. Qf3 Qc4 45. Qf4 Qe6+ 46. Kg3 Kh7 47. Kf3 Qb3 48. Qe4+ Kg8 49. Qg4+ Kh7 50. Qd4 Kg8 51. g4 Qe6 52. Qd8+ Kh7 53. Qd3+ Kg8 54. Qd8+ Kh7 55. Qd4 Kg8 56. Kg3 Qe7 57. Qf4 Kg7 58. Kf3 Qe6 59. Kf2 Qe7 60. Ke2 Qe6 61. g5 hxg5 62. Qxg5+ Kh7 63. Kf3 f5 64. Qf4 Qd5+ 65. Kg3 Qe6 66. Kh4 Qe7+ 67. Kg3 Qd7 68. Qe5 Qd3 69. Kf4 Qc4+ 70. Kg5 Qg4+ 71. Kf6 Qh4+ 72. Ke6 Qc4+ 73. Kxf5 Qxb4 74. Kg5 Qd2 75. Qe7+ Kg8 76. Kh6 1-0

[Event "Sigeman & Co 29th"]
[Site "Malmo"]
[Date "2024.05.02"]
[Round "6"]
[White "Keymer, Vincent"]
[Black "Abdusattorov, Nodirbek"]
[Result "0-1"]
[WhiteElo "2726"]
[BlackElo "2765"]
[PlyCount "100"]
[EventDate "2024.04.27"]
[EventType "tourn"]
[EventRounds "7"]
[EventCountry "SWE"]
[EventCategory "18"]
[SourceTitle "CB19_2024"]
[SourceDate "2024.05.08"]
[SourceVersion "1"]
[SourceVersionDate "2024.05.08"]
[SourceQuality "1"]

1. Nf3 d5 2. e3 Nf6 3. c4 c6 4. Nc3 a6 5. d4 b5 6. b3 Bg4 7. a4 bxc4 8. bxc4 Nbd7 9. Be2 e6 10. c5 a5 11. 0-0 Be7 12. Ne1 Bxe2 13. Qxe2 e5 14. Nd3 exd4 15. exd4 0-0 16. f3 Re8 17. Qc2 Nf8 18. Ne2 N6d7 19. f4 Ne6 20. Bb2 Qc8 21. Ng3 Rb8 22. Rae1 Bh4 23. f5 Ng5 24. Rxe8+ Qxe8 25. Bc1 Ne4 26. Bf4 Rb7 27. Nh5 g6 28. Ng3 Nxg3 29. hxg3 Bf6 30. Qc3 Qe4 31. Be5 Qe3+ 32. Kh2 Bxe5 33. dxe5 d4 34. Qc4 Nxe5 35. Nxe5 Qxe5 36. Qa6 Qc7 37. f6 h5 38. Qe2 Qd8 39. Qe4 Rc7 40. Qf4 Kh7 41. g4 Rd7 42. Re1 Qf8 43. Re5 hxg4 44. Qxg4 Rd8 45. Qe4 Qh6+ 46. Kg1 d3 47. Qc4 Kg8 48. Qe4 d2 49. Re8+ Rxe8 50. Qxe8+ Qf8 0-1

[Event "Sigeman & Co 29th"]
[Site "Malmo"]
[Date "2024.04.30"]
[Round "4"]
[White "Abdusattorov, Nodirbek"]
[Black "Grandelius, Nils"]
[Result "1-0"]
[WhiteElo "2765"]
[BlackElo "2664"]
[PlyCount "77"]
[EventDate "2024.04.27"]
[EventType "tourn"]
[EventRounds "7"]
[EventCountry "SWE"]
[EventCategory "18"]
[SourceTitle "CB19_2024"]
[SourceDate "2024.05.08"]
[SourceVersion "1"]
[SourceVersionDate "2024.05.08"]
[SourceQuality "1"]

1. e4 e5 2. Nf3 Nc6 3. g3 Nf6 4. d3 Bc5 5. Bg2 d6 6. 0-0 0-0 7. Nc3 a5 8. h3 h6 9. Kh2 Be6 10. Na4 Ba7 11. c4 Nd7 12. Nc3 f5 13. exf5 Bxf5 14. Nb5 Bb6 15. Be3 Bxe3 16. fxe3 Bh7 17. d4 Nb4 18. Qd2 Bd3 19. Rfc1 exd4 20. exd4 Be4 21. Nh4 Nf6 22. d5 Bxg2 23. Qxg2 c6 24. Nd4 Qb6 25. Nhf5 cxd5 26. Ne6 Rf7 27. Rf1 Nd3 28. Nexg7 dxc4 29. Nh5 Kh7 30. Ne7 Qd4 31. Nd5 Nxd5 32. Rxf7+ Kh8 33. Raf1 Ne5 34. Rxb7 Ne3 35. Rf4 Qd3 36. Rh7+ Kxh7 37. Qb7+ Kg6 38. Qg7+ Kxh5 39. Rh4# 1-0